000 00503nam a2200157 4500
008 170124b xxu||||| |||| 00| 0 eng d
022 _a0893-8989
082 _aDPer 363.205 P75 May-Dec 2015 V. 39
100 _918548
_aGeorge, A. J.
245 _aOakley is light assault boot/
_cA. J. George.
260 _aCalifornia:
_bBobit Business Media,
_cc2015.
300 _apages 48-49;
_c28 cm.
500 _aPolice: the law enforcement magazine.
650 0 _918549
_aFootwear
_xPolice
942 _2ddc
_cPER
999 _c6139
_d6139